<?xml version="1.0" encoding="UTF-8"?>
<collection xmlns="http://www.loc.gov/MARC21/slim">
<record>
  <controlfield tag="001">170918</controlfield>
  <controlfield tag="005">20260430151735.0</controlfield>
  <datafield tag="024" ind1="8" ind2=" ">
    <subfield code="2">sideral</subfield>
    <subfield code="a">132136</subfield>
  </datafield>
  <datafield tag="037" ind1=" " ind2=" ">
    <subfield code="a">ART-2017-132136</subfield>
  </datafield>
  <datafield tag="041" ind1=" " ind2=" ">
    <subfield code="a">eng</subfield>
  </datafield>
  <datafield tag="100" ind1=" " ind2=" ">
    <subfield code="a">Mosteo Chagoyen, Leticia Pilar</subfield>
    <subfield code="0">(orcid)0000-0003-3593-0016</subfield>
  </datafield>
  <datafield tag="245" ind1=" " ind2=" ">
    <subfield code="a">Executive Coaching: An Exploration of the What, How and Who of Coaching Practices from a Cognitive-Emotional and Cross-Cultural Perspective</subfield>
  </datafield>
  <datafield tag="260" ind1=" " ind2=" ">
    <subfield code="c">2017</subfield>
  </datafield>
  <datafield tag="520" ind1="3" ind2=" ">
    <subfield code="a">Executive coaching, as part of leadership development programs, has gained significant momentum despite scarce empirical evidence on its impact and key factors. The overarching objective of this doctoral dissertation is providing a novel contribution to the understanding of how coaching processes work by examining three differentiate yet complementary core dimensions (what, how, and who of coaching practices), using a mixed-methods approach. By systematically analyzing how is built the coaching connection, we provide robust insights on how the ‘magic’ of coaching works, what 
coaches essentially do and could do better, and how clients perceive processes and indeed respond to coaching interactions.</subfield>
  </datafield>
  <datafield tag="540" ind1=" " ind2=" ">
    <subfield code="9">info:eu-repo/semantics/closedAccess</subfield>
    <subfield code="a">All rights reserved</subfield>
    <subfield code="u">http://www.europeana.eu/rights/rr-f/</subfield>
  </datafield>
  <datafield tag="655" ind1=" " ind2="4">
    <subfield code="a">info:eu-repo/semantics/article</subfield>
    <subfield code="v">info:eu-repo/semantics/publishedVersion</subfield>
  </datafield>
  <datafield tag="773" ind1=" " ind2=" ">
    <subfield code="g">1 (2017), 107-124</subfield>
    <subfield code="p">EDAMBA Journal</subfield>
    <subfield code="t">EDAMBA J.</subfield>
    <subfield code="x">1334-8078</subfield>
  </datafield>
  <datafield tag="856" ind1="4" ind2=" ">
    <subfield code="s">790574</subfield>
    <subfield code="u">http://zaguan.unizar.es/record/170918/files/texto_completo.pdf</subfield>
    <subfield code="y">Versión publicada</subfield>
  </datafield>
  <datafield tag="856" ind1="4" ind2=" ">
    <subfield code="s">2120569</subfield>
    <subfield code="u">http://zaguan.unizar.es/record/170918/files/texto_completo.jpg?subformat=icon</subfield>
    <subfield code="x">icon</subfield>
    <subfield code="y">Versión publicada</subfield>
  </datafield>
  <datafield tag="909" ind1="C" ind2="O">
    <subfield code="o">oai:zaguan.unizar.es:170918</subfield>
    <subfield code="p">articulos</subfield>
    <subfield code="p">driver</subfield>
  </datafield>
  <datafield tag="951" ind1=" " ind2=" ">
    <subfield code="a">2026-04-30-13:57:03</subfield>
  </datafield>
  <datafield tag="980" ind1=" " ind2=" ">
    <subfield code="a">ARTICLE</subfield>
  </datafield>
</record>
</collection>